00987pam a2200265 a 4500008004100000020002200041245008600063260003400149300004900183504003000232500001900262650003000281650003000311650003300341650006100374650006800435650003200503650004600535650005300581650004200634700001800676003000100694005001700695040000900712  a0419222901 (hbk.)00aWater resources :bhealth, environment and development /cedited by Brian H. Kay. aLondon :bE & FN Spon,c1999. axvii, 250 p. :bill., facsim, maps ;c24 cm. aIncludes bibliographical. aIncludes index 4aWater quality management. 4aWater-supplyxManagement. 4aWater resources development. 0aWater resources developmentxHealth aspectsvCongresses. 0aWater resources developmentxEnvironmental aspectsvCongresses. 0aVector controlvCongresses. 0aWater-supplyxHealth aspectsvCongresses. 0aWater-supplyxEnvironmental aspectsvCongresses. 0aWater quality managementvCongresses.1 aKay, Brian H.20230123133657.0 cNUST